[Event "Barcelona Vulca"]
[Site "Barcelona"]
[Date "1988.??.??"]
[Round "6"]
[White "Gual Pascual, Antonio"]
[Black "Cramling, Dan"]
[Result "1/2-1/2"]
[WhiteElo "2385"]
[BlackElo "2435"]

1.d4 Nf6 2.c4 g6 3.Nc3 Bg7 4.e4 d6 5.Nf3 O-O 6.Be2 Nbd7 7.O-O e5 8.Re1 c6
9.Bf1 Ng4 10.h3 Nh6 11.dxe5 dxe5 12.Rb1 Qe7 13.b4 Rd8 14.Qc2 Nf8 15.Bg5 f6
16.Be3 Ne6 17.Red1 Nf7 18.c5 Nfg5 19.Nxg5 fxg5 20.Rxd8+ Qxd8 21.Rd1 Qe7 22.Bc4 Kh8
23.Ne2 Nc7 24.Rd6 Ne8 25.Rd3 Bf6 26.Qd2 g4 27.hxg4 Bxg4 28.f3 Be6 29.Bxe6 Qxe6
30.a4 Qc4 31.Qc3 Qxc3 32.Nxc3 Rd8 33.Rxd8 Bxd8 34.Nb1 a6 35.Na3 Kg7 36.Nc4 Kf6
37.g3 Bc7 38.Kf2 Ng7 39.Bd2 Ne6 40.Bc3 a5 41.b5 Nxc5 42.bxc6 bxc6 43.Bxa5 Bxa5
44.Nxa5 Nxa4 45.Nxc6  1/2-1/2

[Event "Barcelona Vulca"]
[Site "Barcelona"]
[Date "1988.??.??"]
[Round "8"]
[White "Garcia Martinez, Silvino"]
[Black "Cramling, Dan"]
[Result "1/2-1/2"]
[WhiteElo "2405"]
[BlackElo "2435"]

1.d4 Nf6 2.c4 d6 3.Nc3 Nbd7 4.e4 e5 5.Nf3 g6 6.Be2 Bg7 7.O-O O-O 8.Qc2 c6
9.d5 cxd5 10.cxd5 Ne8 11.Bd2 a6 12.Rac1 h6 13.g3 b5 14.b4 Nb6 15.a4 bxa4
16.Nxa4 Bd7  1/2-1/2

[Event "Bargteheide op"]
[Site "Bargteheide"]
[Date "1988.??.??"]
[Round "2"]
[White "Dankert, Peter"]
[Black "De Boer, Gert Jan"]
[Result "1-0"]
[WhiteElo "2255"]
[BlackElo "2390"]

1.d4 Nf6 2.Nf3 g6 3.c4 Bg7 4.Nc3 d6 5.e4 O-O 6.Be2 e5 7.d5 a5 8.Bg5 h6 9.Bh4 Na6
10.Nd2 Qe8 11.O-O Nh7 12.Rb1 Bd7 13.b3 h5 14.f3 Bh6 15.Bf2 Nc5 16.Re1 Qe7
17.Qc2 f5 18.exf5 gxf5 19.Rbd1 b6 20.a3 Kh8 21.Bf1 Rg8 22.b4 Na6 23.Qb2 h4
24.c5 axb4 25.axb4 bxc5 26.bxc5 Rgb8 27.Qc1 Nb4 28.Be3 Bxe3+ 29.Rxe3 Qg5
30.Nc4 Qe7 31.Re2 Na6 32.cxd6 cxd6 33.Ra2 Nc5 34.Rxa8 Rxa8 35.Qh6 Na4 36.Ra1 Ra6
37.Nxa4 Rxa4 38.Rxa4 Bxa4 39.Qxd6 Qxd6 40.Nxd6 Bd7 41.Nf7+ Kg7 42.Nxe5 Be8
43.Bd3 Kf6 44.f4  1-0

[Event "Bargteheide op"]
[Site "Bargteheide"]
[Date "1988.??.??"]
[Round "4"]
[White "Dankert, Peter"]
[Black "Gallagher, Joseph G"]
[Result "1-0"]
[WhiteElo "2255"]
[BlackElo "2480"]

1.d4 Nf6 2.Nf3 g6 3.c4 Bg7 4.Nc3 O-O 5.e4 d6 6.Be2 e5 7.d5 a5 8.Bg5 h6 9.Bh4 Na6
10.O-O Qe8 11.Nd2 Nh7 12.f3 h5 13.Rb1 Bd7 14.b3 Bh6 15.Bf2 Qe7 16.Re1 h4
17.Kh1 Bg5 18.Bd3 Nf6 19.a3 Nh5 20.b4 axb4 21.axb4 Kg7 22.c5 dxc5 23.d6 cxd6
24.Nd5 Qd8 25.Bxa6 Rxa6 26.bxc5 Ra2 27.Re2 dxc5 28.Bxc5 Rh8 29.Nf1 Rxe2 30.Qxe2 Bc6
31.Qb2 Re8 32.Rd1 Nf6 33.Nfe3 Qa5 34.Bb6 Qa4 35.Ra1 Qb5 36.Qxb5 Bxb5 37.Nc7 Rc8
38.Nxb5 Rc6 39.Ba7 h3 40.gxh3 b6 41.Ng4 Bf4 42.Nxf6 Kxf6 43.Na3 Bc1 44.Ra2 Rc3
45.Nb1 Rxf3 46.Bxb6 Rb3 47.Bd8+ Kg7 48.Nd2 Re3 49.Bg5 Re1+ 50.Kg2 Re2+ 51.Kf3 Rxh2
52.h4 Rh3+ 53.Kg2 Rc3 54.Nf3 Bxg5 55.hxg5 Rc4 56.Nd2 Rd4 57.Kf2 Rd7 58.Ke3  1-0

[Event "Bargteheide op"]
[Site "Bargteheide"]
[Date "1988.??.??"]
[Round "6"]
[White "Schirm, Friedmar"]
[Black "Rostalski, Walter"]
[Result "0-1"]
[WhiteElo "2275"]
[BlackElo "2275"]

1.Nf3 Nf6 2.c4 g6 3.Nc3 Bg7 4.e4 d6 5.d4 O-O 6.Be2 e5 7.O-O Nbd7 8.Re1 c6
9.Bf1 a5 10.dxe5 dxe5 11.Na4 Qe7 12.Qc2 Re8 13.c5 Nh5 14.Bg5 f6 15.Be3 Nf4
16.Nd2 Ne6 17.Nc4 Kh8 18.Rad1 Nd4 19.Bxd4 exd4 20.Nd6 Rf8 21.Rxd4 f5 22.Rdd1 f4
23.f3 Rb8 24.Qd2 Ne5 25.Qxa5 Be6 26.b3 g5 27.Nf5 Bxf5 28.exf5 g4 29.fxg4 Qh4
30.h3 h5 31.Qd2 hxg4 32.Qxf4 Rbe8 33.g3 Qh5 34.Rxe5 Bxe5 35.Qxg4 Qh6 36.Bc4 Rg8
37.Bxg8 Rxg8 38.Qe4 Bxg3 39.Kf1 Qxh3+ 40.Ke2 Qh5+  0-1

[Event "GMA-Open"]
[Site "Belgrade"]
[Date "1988.??.??"]
[Round "?"]
[White "Klinger, Josef"]
[Black "Dorfman, Josif D"]
[Result "0-1"]
[WhiteElo "2475"]
[BlackElo "2540"]

1.c4 Nf6 2.Nf3 g6 3.Nc3 Bg7 4.e4 d6 5.d4 O-O 6.Be2 e5 7.Be3 exd4 8.Nxd4 c6
9.O-O Re8 10.f3 d5 11.cxd5 Nxd5 12.Nxd5 cxd5 13.Qb3 Nc6 14.Rad1 Bxd4 15.Bxd4 Nxd4
16.Rxd4 Qf6 17.Qxd5 Be6 18.Qc5 Rec8 19.Qb4 a5 20.Qa4 Rc2 21.Qxc2 Qxd4+ 22.Rf2 Rc8
23.Qd1 Qxb2 24.Bf1 Qc1 25.Qa4 Qe3 26.g4 h5 27.gxh5 Rc1 28.Kg2 Qg5+ 29.Kh1 Bh3
30.Qe8+ Kg7 31.h6+ Qxh6 32.Qe5+ Kh7 33.Qb5 Qf4 34.Qe2 b5 35.e5 b4 36.e6 Bxe6
37.Kg2 Qg5+ 38.Kh1 Bh3 39.f4 Qd5+ 40.Kg1 Qc5 41.Kh1 Qxf2  0-1

[Event "GMA-Open"]
[Site "Belgrade"]
[Date "1988.??.??"]
[Round "?"]
[White "Zlotnik, Boris A"]
[Black "Georgiev, Krum"]
[Result "1-0"]
[WhiteElo "2440"]
[BlackElo "2505"]

1.d4 Nf6 2.c4 g6 3.Nc3 Bg7 4.e4 d6 5.Nf3 O-O 6.Be2 e5 7.d5 a5 8.O-O Na6 9.Bg5 h6
10.Bh4 Qe8 11.Nd2 Nh7 12.a3 Bd7 13.b3 h5 14.f3 Bh6 15.Rb1 Be3+ 16.Bf2 Bc5
17.Bxc5 dxc5 18.Qc2 Nf6 19.Nd1 Qe7 20.Qc3 Qd6 21.Nf2 Rae8 22.Qxa5 b6 23.Qc3 Bc8
24.Nd3 Nd7 25.Rbe1 c6 26.b4 Nc7 27.Kh1 cxd5 28.bxc5 bxc5 29.exd5 f5 30.Bd1 Re7
31.Ba4 Nb6 32.Bc6 Bd7 33.Qa5 Rb8 34.Rb1 e4 35.fxe4 fxe4 36.Nxc5 Bxc6 37.Ndxe4 Qd8
38.Rxb6 Ra8  1-0

[Event "GMA-Open"]
[Site "Belgrade"]
[Date "1988.??.??"]
[Round "?"]
[White "Gurevich, Mikhail"]
[Black "Glek, Igor V"]
[Result "1/2-1/2"]
[WhiteElo "2630"]
[BlackElo "2500"]

1.d4 Nf6 2.Nf3 g6 3.c4 Bg7 4.Nc3 O-O 5.e4 d6 6.Be2 e5 7.O-O Na6 8.Re1 c6
9.d5 c5 10.Bg5 h6 11.Bh4 Qd7 12.Nd2 Nh7 13.Bg3 h5 14.a3 Qe7 15.h3 h4 16.Bh2 f5
17.exf5 gxf5 18.f4 e4 19.Kh1 Kh8 20.Nf1 Rg8 21.Qd2 Bd7 22.Bg1 Bh6 23.Be3 Rg6
24.Bh5 Rg7 25.Bd1 Rag8 26.Re2 Nf6 27.Rf2 Be8 28.Rb1 b6 29.b4 Nh5 30.Ne2 Kh7
31.Nc3 Qf6 32.Ba4 Bxa4 33.Nxa4 Rc7 34.bxc5 dxc5 35.Nc3 Rd7 36.Qd1 Ng3+ 37.Nxg3 hxg3
38.Rc2 Nb8 39.Qh5 Qg6 40.Qxg6+ Kxg6 41.a4 Na6 42.Na2 Bf8 43.Bd2 Bd6 44.Rb3 Kh5
45.Kg1 Nb4 46.Nxb4 cxb4 47.Kf1 a5 48.Be3 Rc8 49.Bxb6 Bxf4 50.Bxa5 Rxd5 51.Bxb4 Rd3
52.Rb1 Rb8 53.c5 Ra3 54.Rbb2 Rxa4 55.Be1 Rxb2 56.Rxb2 Rc4 57.Rb3 Rxc5 58.Bxg3 Rc1+
59.Ke2 Rc2+ 60.Kf1 Rc1+ 61.Ke2  1/2-1/2

[Event "GMA-Open"]
[Site "Belgrade"]
[Date "1988.??.??"]
[Round "?"]
[White "Groszpeter, Attila"]
[Black "Plachetka, Jan"]
[Result "1-0"]
[WhiteElo "2510"]
[BlackElo "2400"]

1.d4 Nf6 2.Nf3 g6 3.c4 Bg7 4.Nc3 O-O 5.e4 d6 6.Be2 e5 7.Be3 Nbd7 8.O-O c6
9.d5 Qe7 10.b4 Ng4 11.Bg5 f6 12.Bc1 c5 13.Nb5 cxb4 14.a3 Nc5 15.Nd2 f5 16.axb4 Na6
17.Qb3 Kh8 18.exf5 e4 19.Bb2 gxf5 20.Bxg4 fxg4 21.Bxg7+ Kxg7 22.Rae1 Bf5
23.Nd4 Rae8 24.Nxf5+ Rxf5 25.Rxe4 Qxe4 26.Nxe4 Rxe4 27.Qc3+ Rfe5 28.f4  1-0

[Event "GMA-Open"]
[Site "Belgrade"]
[Date "1988.??.??"]
[Round "?"]
[White "Indjic, Dusan"]
[Black "Paunovic, Dragan"]
[Result "0-1"]
[WhiteElo "2370"]
[BlackElo "2430"]

1.d4 Nf6 2.Nf3 g6 3.c4 Bg7 4.Nc3 O-O 5.e4 d6 6.Be2 e5 7.d5 a5 8.Bg5 h6 9.Bh4 Na6
10.Nd2 Qe8 11.a3 Bd7 12.b3 Nh7 13.Rb1 h5 14.f3 Bh6 15.Bf2 Qe7 16.b4 axb4
17.axb4 h4 18.Nf1 Bg5 19.Qb3 Nf6 20.g4 hxg3 21.hxg3 Kg7 22.Nd1 Rh8 23.Rxh8 Rxh8
24.Qc3 Qe8 25.c5 Bb5 26.c6 bxc6 27.dxc6 Qb8 28.Nde3 Bxe3 29.Bxe3 Rh1 30.Bc4 Bxc4
31.Qxc4 Nc5 32.Bxc5 dxc5 33.Qxc5 Qa8 34.Qc2 Qa7 35.Ke2 Nh5 36.Qc3 Nxg3+ 37.Nxg3 Rxb1
38.Qxe5+ Kh7 39.Qf6 Qa2+ 40.Ke3 Qe6 41.Qh4+ Kg7 42.Qg5 Rb3+ 43.Kf2 Qh3 44.Qe5+ Kh7
45.Ne2 Qxf3+  0-1

[Event "GMA-Open"]
[Site "Belgrade"]
[Date "1988.??.??"]
[Round "?"]
[White "Naumkin, Igor"]
[Black "Ye Jiangchuan"]
[Result "1-0"]
[WhiteElo "2440"]
[BlackElo "2505"]

1.d4 Nf6 2.c4 g6 3.Nc3 Bg7 4.e4 d6 5.Nf3 O-O 6.Be2 e5 7.d5 a5 8.Bg5 h6 9.Bh4 Na6
10.Nd2 Qe8 11.O-O Bd7 12.b3 Nh7 13.a3 h5 14.f3 Bh6 15.Kh1 Be3 16.Rb1 Bc5
17.Qc1 c6 18.Na2 cxd5 19.b4 axb4 20.axb4 Be3 21.exd5 Bh6 22.Nc3 f5 23.Qc2 Rc8
24.Rfe1 g5 25.Bf2 g4 26.c5 dxc5 27.bxc5 Nxc5 28.Nc4 e4 29.Nd6 Qe5 30.Nxc8 Rxc8
31.Bb5 Nf6 32.d6 Kh8 33.Red1 Ne6 34.Bxd7 Nxd7 35.Qa4 Qg7 36.fxe4 g3 37.exf5 gxf2
38.fxe6 Rg8 39.Qe4 Nc5 40.Qf3 Rf8 41.Qe2 Rg8 42.Qxf2 Qxc3 43.e7 Bg7 44.Qf7 Qe5
45.Rd5  1-0

[Event "GMA-Open"]
[Site "Belgrade"]
[Date "1988.??.??"]
[Round "?"]
[White "Drasko, Milan"]
[Black "Riemersma, Liafbern"]
[Result "1-0"]
[WhiteElo "2510"]
[BlackElo "2380"]

1.Nf3 Nf6 2.c4 g6 3.Nc3 Bg7 4.e4 O-O 5.d4 d6 6.Be2 e5 7.Be3 Ng4 8.Bg5 f6
9.Bh4 Nd7 10.d5 Nh6 11.O-O g5 12.Bg3 f5 13.exf5 Nxf5 14.Nd2 Nf6 15.Nde4 Nxe4
16.Nxe4 Nd4 17.Bg4 Bf5 18.Bxf5 Rxf5 19.f3 Qd7 20.Bf2 Raf8 21.Qd3 Qf7 22.Rae1 Qg6
23.Ng3 R5f6 24.Qxg6 Rxg6 25.h3 a6 26.Re4 Nf5 27.Nxf5 Rxf5 28.Rc1 Rf4 29.c5 Rxe4
30.fxe4 g4 31.cxd6 cxd6 32.Rc8+ Bf8 33.Kh2 gxh3 34.gxh3 Rf6 35.Be3 Rf7 36.Bh6 Rf6
37.Bg5 Rf7 38.h4 h5 39.Kg2 Kg7 40.a4 Kg6 41.b4 Kh7 42.b5 axb5 43.axb5 Bh6
44.Bxh6 Kxh6 45.Rd8 Rf4 46.Rxd6+ Kg7 47.Rd7+ Kf6 48.Rxb7 Rxe4 49.b6 Rb4 50.Rh7 Kg6
51.Rc7 Rb2+ 52.Kf1 Rb1+ 53.Ke2 Rb2+ 54.Kd1 Kf6 55.b7 e4 56.d6 e3 57.d7  1-0

[Event "GMA-Open"]
[Site "Belgrade"]
[Date "1988.??.??"]
[Round "?"]
[White "Banas, Jan"]
[Black "Gufeld, Eduard"]
[Result "1/2-1/2"]
[WhiteElo "2380"]
[BlackElo "2510"]

1.c4 g6 2.Nc3 Bg7 3.d4 Nf6 4.e4 d6 5.Be2 O-O 6.Nf3 e5 7.d5 h6 8.O-O Nh7 9.Ne1 Nd7
10.Nd3 f5 11.Be3 f4 12.Bd2 Ndf6 13.c5 g5 14.g4 h5 15.h3 Rf7 16.f3 Nf8 17.Rc1 Ng6
18.Be1 Bf8 19.cxd6 Bxd6 20.Nb5 hxg4 21.hxg4 Rh7 22.Kg2 Nh4+ 23.Bxh4 Rxh4
24.Rh1 Rxh1 25.Qxh1 Kg7 26.Qh2 Bd7 27.Na3 b5 28.Rh1 Qh8 29.Qxh8+ Rxh8 30.Rc1 a6
31.Nc5  1/2-1/2

[Event "GMA-Open"]
[Site "Belgrade"]
[Date "1988.??.??"]
[Round "?"]
[White "Laketic, Gojko"]
[Black "Lazic, Dragoljub"]
[Result "1-0"]
[WhiteElo "2400"]
[BlackElo "2315"]

1.d4 Nf6 2.c4 g6 3.Nc3 Bg7 4.e4 d6 5.Nf3 O-O 6.Be2 e5 7.d5 a5 8.Bg5 h6 9.Bh4 Na6
10.Nd2 Qe8 11.Rb1 Bd7 12.b3 Nh7 13.a3 h5 14.f3 Bh6 15.b4 axb4 16.axb4 Be3
17.Bf2 Bxf2+ 18.Kxf2 Qe7 19.Re1 Qg5 20.Qc1 f5 21.exf5 gxf5 22.Nf1 Qg6 23.f4 Rae8
24.c5 exf4 25.c6 Bc8 26.Bf3 Nf6 27.Rxe8 Rxe8 28.Ne2 Ne4+ 29.Kg1 Ng5 30.Kf2 Nxf3
31.gxf3 Rxe2+ 32.Kxe2 Qg2+ 33.Ke1 Qxf3 34.Qc4 bxc6 35.dxc6+ Kf8 36.Nd2 Qe3+
37.Kd1 f3 38.Rb3 Qe2+ 39.Qxe2 fxe2+ 40.Kxe2 Be6 41.Rb2 Ke7 42.Ke3 Bd5 43.Kd4 Bh1
44.Rb1 Bg2 45.Kc3 f4 46.Ra1 Nb8 47.b5 Bd5 48.Ra7  1-0

[Event "GMA-Open"]
[Site "Belgrade"]
[Date "1988.??.??"]
[Round "?"]
[White "Tseitlin, Mikhail S"]
[Black "Bakic, Rados"]
[Result "0-1"]
[WhiteElo "2455"]
[BlackElo "2360"]

1.d4 Nf6 2.c4 g6 3.Nc3 Bg7 4.e4 d6 5.Nf3 O-O 6.Be2 e5 7.Be3 c6 8.O-O exd4
9.Bxd4 Re8 10.Qc2 c5 11.Be3 Nc6 12.Rad1 Qe7 13.Bg5 Nb4 14.Qc1 Qf8 15.Qf4 Re6
16.Rd2 Qe8 17.Bxf6 Bxf6 18.Ng5 Bxg5 19.Qxg5 Bd7 20.Rfd1 Bc6 21.a3 Na6 22.Rxd6 Rxd6
23.Rxd6 Bxe4 24.h4 Bc6 25.h5 Qf8 26.Qf4 Qe7 27.h6 Nc7 28.Bg4 Re8 29.Rd3 Qe1+
30.Kh2 Qf1 31.Nd5 Bxd5 32.Rxd5 Nxd5 33.cxd5 Qe1 34.g3 Qe5 35.Qa4 b6 36.d6 Rd8
37.Qxa7 Qxd6 38.Kg2 g5 39.Bh5 Rf8 40.Bf3 Qxh6 41.Bd5 Qf6 42.b4 cxb4 43.axb4 Rd8
44.Qb7 Kg7 45.b5 Qf5 46.Be4 Qxb5 47.Qc7 Rd7  0-1

[Event "GMA-Open"]
[Site "Belgrade"]
[Date "1988.??.??"]
[Round "?"]
[White "Jovicic, Milos"]
[Black "Strikovic, Aleksa"]
[Result "0-1"]
[WhiteElo "2350"]
[BlackElo "2460"]

1.Nf3 g6 2.c4 Bg7 3.d4 d6 4.e4 Nf6 5.Nc3 O-O 6.Be2 e5 7.O-O Nbd7 8.Qc2 c6
9.d5 a5 10.Rb1 Nc5 11.Nd2 Qc7 12.b3 Bd7 13.Ba3 cxd5 14.cxd5 Ncxe4 15.Ndxe4 Nxe4
16.Qxe4 Qxc3 17.Rbc1 Bf5 18.Rxc3 Bxe4 19.Rd1 Rfd8 20.Rc7 Rab8 21.g4 g5 22.f3 Bg6
23.Bd3 b5 24.Be4 Bf6 25.Rdc1 b4 26.Bb2 Kf8 27.Kf2 Ke8 28.Ke3 Rd7 29.Rc8+ Rxc8
30.Rxc8+ Bd8 31.Bc1 f6 32.Kd3 Rb7 33.Be3 Kd7 34.Rc6 Rc7 35.Rxc7+ Kxc7 36.Kc4 Kb7
37.Bxg6 hxg6 38.Kb5 f5 39.h3 f4 40.Bf2 Bc7 41.Bg1 e4 42.fxe4 Bb8 43.Kc4 Ba7
44.Bh2 Be3 45.Kd3 Kb6 46.e5 dxe5 47.Ke4 Bd4  0-1

[Event "GMA-Open"]
[Site "Belgrade"]
[Date "1988.??.??"]
[Round "?"]
[White "Mirkovic, Slobodan"]
[Black "Zapata, Alonso"]
[Result "1/2-1/2"]
[WhiteElo "2395"]
[BlackElo "2480"]

1.d4 Nf6 2.c4 g6 3.Nc3 Bg7 4.e4 O-O 5.Nf3 d6 6.Be2 Nbd7 7.O-O e5 8.d5 a5
9.Ne1 Nc5 10.f3 Nh5 11.Be3 f5 12.Nd3 Qe7 13.Nxc5 dxc5 14.Na4 b6 15.d6 cxd6
16.Nxb6 Rb8 17.Nxc8 Rfxc8 18.b3 Nf4 19.Qd2 a4 20.Rab1 axb3 21.axb3 Ne6 22.b4 cxb4
23.Rxb4 fxe4 24.fxe4 Nd4 25.Bd3 Qa7 26.Kh1 Qa3 27.Rbb1 Rf8 28.Rxf8+ Rxf8
29.h3 Ne6 30.Kh2 Kh8 31.Be2 Nd4 32.Bd3 Qa7 33.Kh1 Qe7 34.Rf1 Rxf1+ 35.Bxf1 h5
36.Be2 Kh7 37.Kh2 Qf8 38.Qd3 Ne6 39.g3 Bh6 40.Bg1 Bg5 41.h4 Bh6 42.Qd5 Qe7  1/2-1/2

[Event "GMA-Open"]
[Site "Belgrade"]
[Date "1988.??.??"]
[Round "?"]
[White "Mednis, Edmar John"]
[Black "Kozul, Zdenko"]
[Result "0-1"]
[WhiteElo "2435"]
[BlackElo "2505"]

1.Nf3 Nf6 2.c4 g6 3.Nc3 Bg7 4.e4 d6 5.d4 O-O 6.Be2 e5 7.O-O Nbd7 8.Re1 h6
9.Bf1 Nh7 10.dxe5 dxe5 11.b3 Re8 12.Ba3 Nhf8 13.Qd2 Ne6 14.Rad1 c6 15.Na4 Qf6
16.Qc3 h5 17.c5 h4 18.h3 Nd4 19.Nxd4 exd4 20.Qd2 b5 21.Nb2 a5 22.Nd3 Qe7
23.Rc1 b4 24.Bb2 Ba6 25.Qc2 Rad8 26.f4 Bh6 27.Bxd4 Bxd3 28.Bxd3 Bxf4 29.Rcd1 Qg5
30.Bf2 Ne5 31.Qe2 Rd7 32.Bc2 Bd2 33.Rf1 Red8 34.Kh1 Kg7 35.Bg1 Bf4 36.Rxd7 Rxd7
37.Rd1 Rxd1 38.Qxd1 Qg3 39.Qf1 g5 40.Qe2 Kg6 41.Qf1 Qc3 42.Qe2 Kg7 43.Bd1 Nd7
44.Qf2 Qc1 45.Qd4+ Ne5 46.Bg4 Qb1 47.Bf5 Qxa2 48.Qd1 a4 49.Qh5 Qd2 50.Qh7+ Kf8
51.bxa4 b3 52.Qh8+ Ke7 53.Qb8 Qd1 54.Qd6+ Qxd6 55.cxd6+ Kxd6 56.Bd4 Bc1 57.a5  0-1

[Event "GMA-Open"]
[Site "Belgrade"]
[Date "1988.??.??"]
[Round "?"]
[White "Acimovic, Svetozar"]
[Black "Jukic, Mirko"]
[Result "1-0"]
[WhiteElo "2370"]
[BlackElo "2470"]

1.d4 Nf6 2.c4 g6 3.Nc3 Bg7 4.e4 O-O 5.Nf3 d6 6.Be2 e5 7.O-O Nbd7 8.Re1 exd4
9.Nxd4 Nc5 10.Bf1 Re8 11.f3 c6 12.Be3 a6 13.Qd2 Qc7 14.Rad1 Ncd7 15.Kh1 Ne5
16.Bg1 b6 17.Nc2 Bf8 18.a4 a5 19.b3 Bb7 20.Nd4 Rad8 21.Qg5 Ned7 22.Nce2 Re5
23.Qc1 Qc8 24.Ng3 Ree8 25.Qg5 h6 26.Qf4 Re5 27.Qc1 Ree8 28.Be3 Kh7 29.Bd3 Nc5
30.Bc2 d5 31.exd5 cxd5 32.cxd5 Nxd5 33.Bf2 Rxe1+ 34.Rxe1 Nb4 35.Rd1 Ba6 36.Bg1 Bg7
37.Nb5 Nxc2 38.Qxc2 Rxd1 39.Qxd1 Qc6 40.Nd4 Qd5 41.Ne4 Nxe4 42.fxe4 Qxe4
43.Qf3 Qe7 44.Qe3 Qd7 45.Nf3 b5 46.Qb6 bxa4 47.bxa4 Bb7 48.Qxa5 Qd1 49.Ne1 Be4
50.Qb4 Qe2 51.a5 Bf6 52.h3 Bh4 53.Qb3 Kg8 54.Nf3 Bg3 55.Qe3 Qc2 56.Nd2 Bxg2+
57.Kxg2 Bc7 58.Qe8+ Kg7 59.Bd4+ f6 60.Qd7+ Kf8 61.Bxf6 Qc5 62.Qg7+ Ke8 63.Qxg6+ Kd7
64.Qg4+ Kc6 65.Qc4  1-0

[Event "GMA-Open"]
[Site "Belgrade"]
[Date "1988.??.??"]
[Round "?"]
[White "Bator, Robert"]
[Black "Lazic, Dragoljub"]
[Result "0-1"]
[WhiteElo "2370"]
[BlackElo "2315"]

1.d4 Nf6 2.c4 g6 3.Nc3 Bg7 4.e4 d6 5.Nf3 O-O 6.Be2 e5 7.O-O Nbd7 8.Re1 c6
9.Bf1 exd4 10.Nxd4 Re8 11.Nb3 Qc7 12.Bf4 Ne5 13.h3 Be6 14.Nd2 Nfd7 15.Rc1 Nc5
16.Qc2 a5 17.Bg3 f5 18.Na4 Nxe4 19.Nxe4 fxe4 20.Qxe4 Bf5 21.Qf4 Nf7 22.Qd2 Bh6
23.Bf4 Bxf4 24.Qxf4 Ne5 25.Re3 Nf7 26.Rce1 Re5 27.Rxe5 dxe5 28.Qe3 Rd8 29.Nc3 Rd4
30.b3 Qd8 31.Be2 Kg7 32.Rf1 Qd6 33.Rd1 h5 34.Qc1 h4 35.Rxd4 exd4 36.Nd1 Qb4
37.Nb2 g5 38.Bd3 Qc3 39.Qxc3 dxc3 40.Bxf5 cxb2 41.Kf1 Kf6 42.Bb1 Ke5 43.Ke2 Kd4
44.g3 Nd6 45.Kf3 a4 46.gxh4 gxh4 47.Kf4 a3 48.f3 c5 49.Bh7 b5 50.cxb5 Nxb5
51.Kg5 Nc3 52.Bc2 Nxa2  0-1

[Event "GMA-Open"]
[Site "Belgrade"]
[Date "1988.??.??"]
[Round "?"]
[White "Eingorn, Vereslav S"]
[Black "Zapata, Alonso"]
[Result "1/2-1/2"]
[WhiteElo "2560"]
[BlackElo "2480"]

1.Nf3 Nf6 2.c4 g6 3.Nc3 Bg7 4.e4 d6 5.d4 O-O 6.Be2 e5 7.O-O Nbd7 8.Qc2 c6
9.d5 a5 10.Be3 Ng4 11.Bd2 f5 12.exf5 gxf5 13.Ng5 Ndf6 14.h3 Nh6 15.Rad1 Qe7
16.f4 e4 17.Be3 c5 18.Qb3 Nf7 19.Nxf7 Kxf7 20.Rde1 Rg8 21.Bf2 Bh8 22.Bh4 Kf8
23.Kh1 Qg7 24.g3 Qh6 25.Qb6 Ne8 26.Kh2 Bf6 27.Bxf6 Qxf6 28.Qb3 Rb8 29.Nd1 b6
30.Ne3 Rb7 31.Rg1 Qh6 32.Ref1 Nf6 33.Rf2 Bd7 34.Qc3 Ke8 35.Qc2 Kd8 36.Qd1 Bc8
37.Qb3 Kc7 38.Bd1 Kb8 39.a3 Bd7 40.Qc3 a4 41.Qe1 Rg6 42.Be2 Kc7 43.Qc3 Rb8
44.b4 axb3 45.Qxb3 Rgg8 46.Rff1 Ra8 47.Ra1 Ra6 48.Ra2 Qf8 49.a4 h5 50.h4 Qg7
51.Ra3 Rga8 52.Rga1 Kd8 53.Qd1 Qg6 54.Qb1 Ke7 55.Rb3 Rg8 56.Qe1 Rga8 57.Qb1 Rg8
58.Qe1 Rga8  1/2-1/2

[Event "GMA-Open"]
[Site "Belgrade"]
[Date "1988.??.??"]
[Round "?"]
[White "Vanheste, Jeroen"]
[Black "Veroci, Zsuzsa"]
[Result "1-0"]
[WhiteElo "2390"]
[BlackElo "2330"]

1.d4 Nf6 2.c4 g6 3.Nc3 Bg7 4.e4 d6 5.Nf3 O-O 6.Be2 Nbd7 7.O-O e5 8.Qc2 c6
9.d5 c5 10.a3 Ne8 11.b4 b6 12.Rb1 h6 13.Bd3 Ndf6 14.Bd2 Nh5 15.g3 f5 16.Nh4 Qf6
17.exf5 gxf5 18.Qd1 Nf4 19.Bxf4 exf4 20.Ne2 f3 21.Nf4 Nc7 22.Qxf3 Qg5 23.bxc5 bxc5
24.Rfe1 Ba6 25.Ne6 Nxe6 26.dxe6 f4 27.Qe4  1-0

[Event "GMA-Open"]
[Site "Belgrade"]
[Date "1988.??.??"]
[Round "?"]
[White "Zlotnik, Boris A"]
[Black "Apicella, Manuel"]
[Result "1/2-1/2"]
[WhiteElo "2440"]
[BlackElo "2370"]

1.d4 Nf6 2.c4 g6 3.Nc3 Bg7 4.e4 d6 5.Nf3 O-O 6.Be2 Nbd7 7.O-O e5 8.d5 Nc5
9.Qc2 a5 10.Bg5 h6 11.Be3 Nfd7 12.Nd2 f5 13.exf5 gxf5 14.f4 e4 15.Nb3 Nxb3
16.axb3 c5 17.dxc6 bxc6 18.Rfd1 Qc7 19.b4 Rf6 20.b5 Bb7 21.bxc6 Bxc6 22.Nd5 Bxd5
23.Rxd5 Nc5 24.Ra3 Rff8 25.Qd1 Rad8 26.b3 Qb6 27.Kf2 Kh7 28.Qe1 Qb4 29.Rxa5 Qxe1+
30.Kxe1 Bc3+ 31.Bd2 Bxd2+ 32.Rxd2 Nxb3 33.Ra7+ Kg6 34.Rd5 Nc5 35.Kf2 Rf6
36.Kg3 Rd7 37.Rxd7 Nxd7 38.Kf2 Kf7 39.Ke3 Ke7 40.Ra5 Nc5 41.Ra7+ Kf8 42.Bh5 Ne6
43.Rd7 Nc5 44.Rd8+ Ke7 45.Rh8 Ne6 46.g3 Ng7 47.Be2 Ne6 48.Bd1 Nf8 49.Bh5 Ne6
50.Rh7+ Kf8 51.Rd7 Nc5 52.Rd8+ Ke7 53.Re8+ Kd7 54.Rg8 Ne6 55.h3 Ke7 56.Re8+ Kd7
57.Rh8 Ke7 58.Rb8 Ng7 59.Rb7+ Kf8 60.Be2 Ne6 61.Rh7 Ke8 62.Bd1 Kf8 63.Rd7 Nc5
64.Ra7 Rf7 65.Ra8+ Kg7 66.Rd8 Rd7 67.Rxd7+ Nxd7 68.g4 Kf6 69.gxf5 Nb6 70.Be2 Kxf5
71.Bg4+ Kf6 72.Kd4 Kg6 73.Be6 Kf6 74.Bg8 Kf5 75.Ke3 Nd7 76.Bh7+ Ke6 77.Bxe4 Nf6
78.Kd4 Kd7 79.Bf5+ Kd8 80.Bg4 Ke7 81.c5 dxc5+ 82.Kxc5 Ng8 83.Kd5 Kf6  1/2-1/2

[Event "GMA-Open"]
[Site "Belgrade"]
[Date "1988.??.??"]
[Round "?"]
[White "Loginov, Valery A"]
[Black "Lazic, Dragoljub"]
[Result "1-0"]
[WhiteElo "2455"]
[BlackElo "2315"]

1.Nf3 Nf6 2.c4 g6 3.Nc3 Bg7 4.e4 d6 5.d4 O-O 6.Be2 e5 7.d5 a5 8.Be3 Na6 9.Nd2 Bd7
10.a3 Ne8 11.O-O f5 12.exf5 gxf5 13.f4 exf4 14.Bxf4 Nc5 15.Qc2 a4 16.Rae1 Bf6
17.Kh1 Ng7 18.Nd1 Qe8 19.Nf2 Qg6 20.Nd3 b6 21.Be3 Nxd3 22.Bxd3 Rae8 23.Nf3 Qh5
24.Bd4 Bxd4 25.Rxe8 Qxe8 26.Nxd4 Qe3 27.Nf3 Re8 28.Qd1 Qh6 29.Re1 Rxe1+ 30.Qxe1 Kf7
31.Kg1 Qf4 32.Qd2 Nh5 33.Kf2 Qxd2+ 34.Nxd2 Nf4 35.Bc2 Kf6 36.g3 Ng6 37.Ke3 Ne5
38.Bd1 b5 39.cxb5 Bxb5 40.Kd4 Nd7 41.b3 axb3 42.Bxb3 Nb6 43.Nb1 c5+ 44.dxc6 Bxc6
45.Nc3 Kg5 46.Bd1 h6 47.a4 f4 48.h4+ Kf5 49.g4+ Ke6 50.a5 Na8 51.Ne2 f3 52.Nf4+ Kd7
53.Ke3 Nc7 54.Bxf3 Bxf3 55.Kxf3 Kc6 56.Ke4 Kc5 57.Kf5 d5 58.Kg6  1-0

[Event "GMA-Open"]
[Site "Belgrade"]
[Date "1988.??.??"]
[Round "?"]
[White "Gostisa, Leon"]
[Black "Kupreichik, Viktor D"]
[Result "1/2-1/2"]
[WhiteElo "2415"]
[BlackElo "2485"]

1.d4 Nf6 2.c4 g6 3.Nc3 Bg7 4.e4 d6 5.Nf3 O-O 6.Be2 e5 7.O-O Qe8 8.dxe5 dxe5
9.Be3 b6 10.Nd5 Na6 11.Qc2 Ng4 12.Bd2 c6 13.Ne3 Nxe3 14.Bxe3 Nb4 15.Qd2 c5
16.h3 Bb7 17.a3 Rd8 18.axb4 Rxd2 19.Nxd2 f5 20.f3 cxb4 21.Rxa7 Qc6 22.c5 Kh8
23.cxb6 Rd8 24.Nc4 fxe4 25.Na5 Qc2 26.Nxb7 Qxe2 27.Nxd8 Qxe3+ 28.Kh2 Qxb6
29.Ra8 h5 30.fxe4 Kh7 31.Rf7 h4 32.Raa7 Qxd8 33.Rxg7+ Kh6 34.Rad7 Qb6 35.Rh7+ Kg5
36.Rd5 Qf6 37.Kg1 Kf4 38.Rd3 Kxe4 39.Rf3 Qd8 40.Kh2 Kd4 41.Rb7 Qd6 42.Rb3 Kc4
43.R3xb4+ Qxb4 44.Rxb4+ Kxb4 45.g4 Kc4 46.Kg2 Kd3 47.Kf2 Kd2 48.Kf3 Kd3 49.Kf2 Kd2
50.Kf3  1/2-1/2

[Event "GMA-Open"]
[Site "Belgrade"]
[Date "1988.??.??"]
[Round "?"]
[White "Vucicevic, Moma"]
[Black "Kupreichik, Viktor D"]
[Result "1/2-1/2"]
[WhiteElo "2370"]
[BlackElo "2485"]

1.Nf3 Nf6 2.c4 g6 3.Nc3 Bg7 4.e4 d6 5.d4 O-O 6.Be2 e5 7.O-O Qe8 8.dxe5 dxe5
9.Be3 b6 10.Nd5 Na6 11.Bg5 Nxe4 12.Be7 c6 13.Bxf8 Qxf8 14.Ne3 Nac5 15.Nd2 Ng5
16.b4 Nce4 17.Nxe4 Nxe4 18.Qc2 Ng5 19.b5 Bb7 20.Rad1 Ne6 21.Bf3 Nd4 22.Rxd4 exd4
23.bxc6 Bxc6 24.Bxc6 Rc8 25.Bd5 dxe3 26.fxe3 Rc7 27.Qf2 Be5 28.Qh4 Qd6 29.e4 Kg7
30.Kh1 f6 31.Qh3 Rc5 32.Rb1 Ra5 33.Rf1 Ra3 34.g3 Qc7 35.c5 Qxc5 36.Qd7+ Kh6
37.Qh3+ Kg7  1/2-1/2

[Event "Berlin op"]
[Site "Berlin-West"]
[Date "1988.??.??"]
[Round "2"]
[White "Maksimovic, Branimir"]
[Black "Bielczyk, Jacek"]
[Result "1-0"]
[WhiteElo "2435"]
[BlackElo "2385"]

1.d4 Nf6 2.c4 d6 3.Nc3 Nbd7 4.Nf3 g6 5.e4 e5 6.Be2 Bg7 7.O-O O-O 8.Qc2 c6
9.Rd1 Qe7 10.d5 c5 11.Ne1 h6 12.Nd3 Nh7 13.b4 b6 14.a4 f5 15.a5 Rb8 16.axb6 axb6
17.Ra7 Rb7 18.Rxb7 Bxb7 19.bxc5 bxc5 20.Bd2 Nhf6 21.f3 Kh7 22.Ra1 h5 23.Ra7 Bc8
24.Nf2 Ng8 25.Bd3 Qf6 26.Nb5 Rf7 27.exf5 gxf5 28.Bxf5+ Qxf5 29.Qxf5+ Rxf5
30.Nxd6 Nb6 31.Ba5  1-0

[Event "Berlin op"]
[Site "Berlin-West"]
[Date "1988.??.??"]
[Round "3"]
[White "Bang, Andreas"]
[Black "Beckemeier, Werner"]
[Result "1-0"]
[WhiteElo "2280"]
[BlackElo "2380"]

1.Nf3 Nf6 2.c4 g6 3.Nc3 Bg7 4.e4 d6 5.d4 O-O 6.Be2 Nbd7 7.O-O e5 8.Qc2 c6
9.d5 c5 10.a3 Nh5 11.g3 Bf6 12.b4 Be7 13.Bd3 Ng7 14.Bh6 b6 15.Rab1 Nf6 16.bxc5 bxc5
17.h4 Ng4 18.Bd2 f5 19.exf5 gxf5 20.Ng5 h6 21.Ne6 Bxe6 22.dxe6 Bxh4 23.Be2 h5
24.Bxg4 hxg4 25.Bh6 Nxe6 26.Bxf8 Nd4 27.Qd3 Bg5 28.Ne2 e4 29.Qd1 Nf3+ 30.Kg2 Nd2
31.Rb2 e3 32.fxe3 Nxf1 33.Qd5+ Kxf8 34.Kxf1 Rc8 35.Nf4 Qf6 36.Ne6+ Kf7 37.Qb7+ Kxe6
38.Qxc8+ Ke5 39.Qg8 Qe7  1-0